ARRUPE JESUIT UNIVERSITY

CORONAVIRUS -STOP THE SPREAD - CLEAN,DISINFECT,COVER

Marching over Africa : (Record no. 119402)

MARC details
000 -LEADER
fixed length control field 01193cam a2200337 a 4500
001 - CONTROL NUMBER
control field 3361549
003 - CONTROL NUMBER IDENTIFIER
control field ARRUPE
005 - DATE AND TIME OF LATEST TRANSACTION
control field 20131219165911.0
008 - FIXED-LENGTH DATA ELEMENTS--GENERAL INFORMATION
fixed length control field 880115s1986 enka b 001 0ceng
010 ## - LIBRARY OF CONGRESS CONTROL NUMBER
LC control number 86209426
020 ## - INTERNATIONAL STANDARD BOOK NUMBER
International Standard Book Number 0340382910 :
Terms of availability £12.95
040 ## - CATALOGING SOURCE
Original cataloging agency DLC
Transcribing agency DLC
Modifying agency DLC
043 ## - GEOGRAPHIC AREA CODE
Geographic area code e-uk---
-- f------
050 00 - LIBRARY OF CONGRESS CALL NUMBER
Classification number DA68.32.A1
Item number E47 1986
082 00 - DEWEY DECIMAL CLASSIFICATION NUMBER
Classification number 960/.23
Edition number 19
300 ## - PHYSICAL DESCRIPTION
Other physical details ill. ;
Dimensions 25 cm.
100 1# - MAIN ENTRY--PERSONAL NAME
Personal name Emery, Frank.
9 (RLIN) 6121
245 10 - TITLE STATEMENT
Title Marching over Africa :
Remainder of title letters from Victorian soldiers /
Statement of responsibility, etc Frank Emery.
260 ## - PUBLICATION, DISTRIBUTION, ETC. (IMPRINT)
Place of publication, distribution, etc London :
Name of publisher, distributor, etc Hodder and Stoughton,
Date of publication, distribution, etc 1986.
300 ## - PHYSICAL DESCRIPTION
Extent 204 p. :
500 ## - GENERAL NOTE
General note Includes index.
504 ## - BIBLIOGRAPHY, ETC. NOTE
Bibliography, etc Bibliography: p. 191.
610 10 - SUBJECT ADDED ENTRY--CORPORATE NAME
Corporate name or jurisdiction name as entry element Great Britain.
Subordinate unit Army
General subdivision Colonial forces
Geographic subdivision Africa
General subdivision History.
9 (RLIN) 6122
650 #0 - SUBJECT ADDED ENTRY--TOPICAL TERM
Topical term or geographic name as entry element Soldiers
Geographic subdivision Great Britain
General subdivision Correspondence.
9 (RLIN) 6123
650 #0 - SUBJECT ADDED ENTRY--TOPICAL TERM
Topical term or geographic name as entry element British
Geographic subdivision Africa
General subdivision History
Chronological subdivision 19th century.
9 (RLIN) 6124
651 #0 - SUBJECT ADDED ENTRY--GEOGRAPHIC NAME
Geographic name Great Britain
General subdivision History, Military
Chronological subdivision 19th century.
9 (RLIN) 6125
651 #0 - SUBJECT ADDED ENTRY--GEOGRAPHIC NAME
Geographic name Great Britain
General subdivision History
Chronological subdivision Victoria, 1837-1901.
9 (RLIN) 6126
651 #0 - SUBJECT ADDED ENTRY--GEOGRAPHIC NAME
Geographic name Africa
General subdivision History
Chronological subdivision 19th century.
9 (RLIN) 6127
651 #0 - SUBJECT ADDED ENTRY--GEOGRAPHIC NAME
Geographic name Africa
General subdivision History, Military.
9 (RLIN) 6128
906 ## - LOCAL DATA ELEMENT F, LDF (RLIN)
a 7
b cbc
c orignew
d 3
e ncip
f 19
g y-gencatlg
942 ## - ADDED ENTRY ELEMENTS (KOHA)
Source of classification or shelving scheme Library of Congress Classification
Koha item type Monograph ( Printed materials)
Holdings
Withdrawn status Lost status Source of classification or shelving scheme Damaged status Not for loan Home library Current library Date acquired Total Checkouts Full call number Barcode Date last seen Price effective from Koha item type
    Library of Congress Classification     ARRUPE LIBRARY ARRUPE LIBRARY 19/12/2013   SPC DT32. E53 1986 464123051 19/12/2013 19/12/2013 Monograph ( Printed materials)

 

Arrupe Library. PO Box MP320 Mt Pleasant, Harare, Zimbabwe
263 242 745411|librarian@aju.ac.zw